000 00706nam a2200265Ia 4500
005 20260121170448.0
008 008 260114s9999 xx 000 0 eng d
020 _a9783319616766
037 _aEBOOK
040 _aCRL
040 _beng
040 _cCRL
041 _2eng
041 _aeng
084 _qCRL
100 _aPatrick Williot, Guy Nonnotte, Mikhail Chebanov
_91064178
245 4 _aThe Siberian Sturgeon (Acipenser baerii, Brandt, 1869) Volume 2 - Farming
260 _bSpringer
260 _bSpringer
260 _c2018
856 _uhttps://link.springer.com/openurl?genre=book&isbn=978-3-319-61676-6
942 _cEBOOK
999 _c1629907
_d1629907